| 000 | 00421nam a22001817a 4500 | ||
|---|---|---|---|
| 003 | MPLRDC | ||
| 005 | 20220104144112.0 | ||
| 008 | 210129b ||||| |||| 00| 0 eng d | ||
| 020 | _a967-77-0004-9 | ||
| 082 | _a524.961 LYC 1996 | ||
| 100 | _a黎煜才编 | ||
| 245 |
_a华文, 预备班 _c |
||
| 250 | _a初版 | ||
| 260 |
_a _b雅景出版社 _c1996 |
||
| 300 | _b平 | ||
| 650 | _a | ||
| 942 |
_cBK _o524.961 LYC 1996 |
||
| 999 |
_c46374 _d46364 |
||